[Event "RUS-ch U18 Girls"]
[Site "Dagomys"]
[Date "2009.04.18"]
[Round "4"]
[White "Mikheeva, Alexandra"]
[Black "Fastova, Tatiana"]
[Result "0-1"]
[WhiteElo "1961"]
[BlackElo "2044"]
[PlyCount "90"]
[EventDate "2009.04.15"]
[EventType "swiss"]
[EventRounds "9"]
[EventCountry "RUS"]
[SourceTitle "CBM 130 Extra"]
[Source "ChessBase"]
[SourceDate "2009.07.02"]
[SourceVersion "2"]
[SourceVersionDate "2009.07.15"]
[SourceQuality "1"]

1. e4 c5 2. Nf3 Nc6 3. d4 cxd4 4. Nxd4 Qb6 5. Nb3 Nf6 6. Nc3 e6 7. Be3 Qc7 8. Bd3 d6 9. f4 a6 10. 0-0 Be7 11. Qf3 0-0 12. Rae1 b5 13. Qh3 g6 14. g4 b4 15. Nd1 Re8 16. Nf2 a5 17. g5 Nh5 18. Ng4 Bf8 19. Qh4 Qd8 20. Rf3 a4 21. Nd2 Bg7 22. Ref1 f5 23. Nf2 Ba6 24. Bxa6 Rxa6 25. Nd3 Nd4 26. Bxd4 Bxd4+ 27. Kh1 Qb8 28. Qe1 Rc6 29. Nxb4 Qxb4 30. c3 Qxb2 31. cxd4 fxe4 32. Nxe4 Qxd4 33. Qe3 Rc4 34. Qxd4 Rxd4 35. Re1 Rc8 36. Re2 Rf8 37. Re1 Rxf4 38. Rxf4 Nxf4 39. Nf6+ Kf7 40. Rb1 e5 41. Nxh7 Rd2 42. h4 Rxa2 43. Rb7+ Ke6 44. Nf8+ Kf5 45. Rf7+ Kg4 0-1

[Event "SibFR-ch U18 Girls"]
[Site "Tomsk"]
[Date "2008.11.08"]
[Round "8"]
[White "Mikheeva, Alexandra"]
[Black "Dolgusheva, Izabella"]
[Result "1-0"]
[WhiteElo "1963"]
[BlackElo "2056"]
[PlyCount "153"]
[EventDate "2008.11.01"]
[EventType "swiss"]
[EventRounds "9"]
[EventCountry "RUS"]
[SourceTitle "EXT 2022"]
[Source "ChessBase"]
[SourceDate "2021.10.06"]
[SourceVersion "1"]
[SourceVersionDate "2021.10.06"]
[SourceQuality "1"]

1. e4 c5 2. Nf3 Nc6 3. d4 cxd4 4. Nxd4 e6 5. Nc3 Qc7 6. g4 a6 7. Be3 b5 8. Rg1 Bb7 9. Qd2 b4 10. Na4 Nf6 11. f3 h6 12. Nb3 Ne5 13. Be2 Bc6 14. Nac5 d6 15. Nd3 Nc4 16. Qc1 Nxe3 17. Qxe3 a5 18. Nd4 Bd7 19. Rc1 Qb7 20. h4 e5 21. Nf5 g6 22. Ng3 Qa7 23. Qxa7 Rxa7 24. Nf1 Be7 25. Ne3 Rc7 26. Kd2 Be6 27. c4 bxc3+ 28. Rxc3 Rxc3 29. Kxc3 Kd7 30. b3 Rc8+ 31. Kb2 Bd8 32. Rd1 Ke7 33. Nc2 Bb6 34. Bf1 Ba7 35. Rd2 Nd7 36. f4 Bxg4 37. fxe5 dxe5 38. Be2 Be6 39. Bf1 Rd8 40. Rh2 h5 41. Bh3 Bxh3 42. Rxh3 Ke6 43. Ne3 Bd4+ 44. Ka3 Rc8 45. Nc4 a4 46. Kxa4 Ra8+ 47. Kb5 Rxa2 48. Rh1 f5 49. exf5+ gxf5 50. Re1 Kd5 51. Nb4+ Ke6 52. Nxa2 f4 53. Nb4 Kf5 54. Nc6 Bf2 55. Re2 Bxh4 56. N4xe5 Nxe5 57. Rxe5+ Kg4 58. Kc4 Bf2 59. Nb4 h4 60. Nd3 Be3 61. Re8 h3 62. Rh8 Kg3 63. Kd5 f3 64. Rg8+ Kh2 65. Ke4 f2 66. Nxf2 Bxf2 67. Kf3 Bd4 68. b4 Bc3 69. b5 Bd4 70. Rd8 Be5 71. b6 Kg1 72. Rd1+ Kh2 73. b7 Bc7 74. Rd7 Be5 75. Rd8 Kg1 76. b8Q Bxb8 77. Rxb8 1-0

[Event "SibFR-ch U18 Girls"]
[Site "Tomsk"]
[Date "2008.11.07"]
[Round "7"]
[White "Mikheeva, Alexandra"]
[Black "Sakhina, Marina"]
[Result "1-0"]
[WhiteElo "1963"]
[BlackElo "1976"]
[PlyCount "97"]
[EventDate "2008.11.01"]
[EventType "swiss"]
[EventRounds "9"]
[EventCountry "RUS"]
[SourceTitle "EXT 2022"]
[Source "ChessBase"]
[SourceDate "2021.10.06"]
[SourceVersion "1"]
[SourceVersionDate "2021.10.06"]
[SourceQuality "1"]

1. e4 e5 2. f4 d5 3. exd5 e4 4. d3 Nf6 5. dxe4 Nxe4 6. Nf3 Bc5 7. Qe2 Bf5 8. Nc3 Qe7 9. Be3 Bxe3 10. Qxe3 Nxc3 11. Qxe7+ Kxe7 12. bxc3 Bxc2 13. Kd2 Bg6 14. Nd4 c5 15. Re1+ Kd7 16. Nb3 b6 17. Re3 a6 18. g3 Bf5 19. g4 Bb1 20. Bc4 Bxa2 21. Rhe1 Kd6 22. Na5 bxa5 23. Bxa2 Ra7 24. c4 Rb7 25. Rb1 Rxb1 26. Bxb1 Nd7 27. Ra3 Nb6 28. Kd3 a4 29. Bc2 Rb8 30. Bxa4 Nxa4 31. Rxa4 Rb6 32. Ra5 h6 33. Ke4 g6 34. h4 f6 35. h5 gxh5 36. gxh5 Rb4 37. Rxa6+ Ke7 38. Re6+ Kf7 39. Kf5 Rxc4 40. Rxf6+ Kg7 41. Rg6+ Kh7 42. Rc6 Kg7 43. d6 Kf8 44. Rc7 Ke8 45. Rh7 Rd4 46. Ke6 Re4+ 47. Kd5 Rxf4 48. Kc6 Rf6 49. Kc7 1-0

[Event "Angarsk (Women) op"]
[Site "Angarsk"]
[Date "2007.03.25"]
[Round "8"]
[White "Mikheeva, Alexandra"]
[Black "Timofeeva, Ekaterina"]
[Result "1/2-1/2"]
[WhiteElo "1954"]
[BlackElo "2206"]
[PlyCount "84"]
[EventDate "2007.03.19"]
[EventType "swiss"]
[EventRounds "9"]
[EventCountry "RUS"]
[SourceTitle "EXT 2008"]
[Source "ChessBase"]
[SourceDate "2007.11.25"]
[SourceVersion "1"]
[SourceVersionDate "2007.11.25"]
[SourceQuality "1"]

1. e4 d6 2. d4 Nf6 3. Nc3 e5 4. Nf3 Nbd7 5. g4 g6 6. g5 Nh5 7. Be3 Bg7 8. Qd2 0-0 9. 0-0-0 c6 10. Be2 Qa5 11. h4 b5 12. dxe5 c5 13. Nb1 dxe5 14. Ne1 Nf4 15. h5 Qxa2 16. hxg6 hxg6 17. Nd3 Rb8 18. Nxf4 exf4 19. Bd4 f6 20. Qxf4 c4 21. Bxf6 Nxf6 22. gxf6 Bxf6 23. e5 Bg7 24. Bxc4+ Be6 25. Bxa2 Rxf4 26. Bxe6+ Kf8 27. Nd2 Bxe5 28. Nb3 b4 29. Nc5 Rb5 30. Rh7 Bd4 31. Nd7+ Ke8 32. Bc4 Ra5 33. Nb8 Ra1+ 34. Kd2 Rxf2+ 35. Be2 Rxd1+ 36. Kxd1 Bxb2 37. Nc6 Bc3 38. Rxa7 Rf6 39. Na5 Rd6+ 40. Bd3 Re6 41. Be2 Rd6+ 42. Bd3 Re6 1/2-1/2

[Event "Angarsk (Women) op"]
[Site "Angarsk"]
[Date "2007.03.24"]
[Round "7"]
[White "Mikheeva, Alexandra"]
[Black "Jushchenko, Varvara"]
[Result "1-0"]
[WhiteElo "1954"]
[BlackElo "2048"]
[PlyCount "76"]
[EventDate "2007.03.19"]
[EventType "swiss"]
[EventRounds "9"]
[EventCountry "RUS"]
[SourceTitle "EXT 2008"]
[Source "ChessBase"]
[SourceDate "2007.11.25"]
[SourceVersion "1"]
[SourceVersionDate "2007.11.25"]
[SourceQuality "1"]

1. e4 d5 2. exd5 Qxd5 3. Nc3 Qa5 4. d4 Nf6 5. Bc4 Nc6 6. Nf3 Bg4 7. h3 Qh5 8. hxg4 Qxh1+ 9. Bf1 Nxg4 10. Bf4 e5 11. dxe5 Bb4 12. Qd3 Bxc3+ 13. bxc3 Qh5 14. 0-0-0 Rd8 15. Nd4 Ngxe5 16. Qg3 Ng6 17. Bxc7 0-0 18. Bxd8 Rxd8 19. Be2 Qa5 20. Nxc6 Rxd1+ 21. Bxd1 bxc6 22. Qb8+ Nf8 23. Kb2 g5 24. Bf3 Qc5 25. Qb4 Qxf2 26. Bxc6 h5 27. Qd4 Qxd4 28. cxd4 Ne6 29. Kc3 Kf8 30. Kd3 f5 31. Ke3 Ke7 32. g3 a5 33. Bf3 f4+ 34. gxf4 Nxf4 35. c4 Ke6 36. Ke4 Kf6 37. c5 Ke6 38. Bd1 Nd5 1-0

[Event "Izmailov Memorial op 11th"]
[Site "Tomsk"]
[Date "2007.??.??"]
[Round "?"]
[White "Beloshapkin, Konstantin"]
[Black "Mikheeva, Alexandra"]
[Result "1-0"]
[WhiteElo "2067"]
[BlackElo "1954"]
[PlyCount "69"]
[EventDate "2007.06.25"]
[EventType "swiss"]
[EventRounds "9"]
[EventCountry "RUS"]
[SourceTitle "EXT 2008"]
[Source "ChessBase"]
[SourceDate "2007.11.25"]
[SourceVersion "1"]
[SourceVersionDate "2007.11.25"]
[SourceQuality "1"]

1. d4 Nf6 2. c4 c5 3. d5 b5 4. cxb5 a6 5. bxa6 Bxa6 6. Nc3 g6 7. g3 d6 8. Nf3 Bg7 9. Bg2 0-0 10. 0-0 Nbd7 11. h3 Qa5 12. Re1 Nb6 13. e4 Nfd7 14. Qc2 Rfb8 15. Nd2 c4 16. f4 Bd4+ 17. Kh2 Nc5 18. Nf3 Nd3 19. Rd1 Bg7 20. Rb1 Nd7 21. Be3 Rb4 22. Nd4 Bxd4 23. Bxd4 Rab8 24. Ne2 N7c5 25. Bc3 Qa4 26. Qd2 R4b6 27. Rf1 Qxa2 28. Nd4 Nb3 29. Qe3 Ndc5 30. Nc6 R8b7 31. f5 Na4 32. Nxe7+ Kf8 33. fxg6 hxg6 34. Qh6+ Kxe7 35. Qg7 1-0